000 00564nam a22001817a 4500
005 20251108171844.0
008 250721s9999 xx 000 0 ara d
082 1 4 _aط/923.5/عمر
100 1 _aكمال، محمد
245 1 0 _aعمر بن العاص /
264 1 _aحلب :
_bدار ربيع للنشر،
_c[19-].
300 _a16ص
490 0 _aشمس الهدى و الإيمان : قادة الفتح الإسلامي ، 8
650 1 7 _aعمر بن العاص
700 1 _aالحاضري، بدر الدين
942 _2ddc
_cBK
999 _c64371
_d64371